How to spell and punctuate / (Record no. 8883)
[ view plain ]
| 000 -LEADER | |
|---|---|
| fixed length control field | 00875cam a2200289 a 4500 |
| 001 - CONTROL NUMBER | |
| JCCL Control Number | 8883 |
| 003 - CONTROL NUMBER IDENTIFIER | |
| JCCL marc code | BD-JhCC |
| 005 - DATE AND TIME OF LATEST TRANSACTION | |
| control field | 20180627091544.0 |
| 008 - FIXED-LENGTH DATA ELEMENTS--GENERAL INFORMATION | |
| fixed length control field | 820712r19821962enk | |||| ||eng| |
| 020 ## - INTERNATIONAL STANDARD BOOK NUMBER | |
| International Standard Book Number | 0723108293 |
| 029 ## - (OCLC) | |
| OCLC library identifier | R8212 |
| 035 ## - SYSTEM CONTROL NUMBER | |
| system control number | (BD-JhCC)8883 |
| 040 ## - CATALOGING SOURCE | |
| Original cataloging agency | BD-JhCC |
| Modifying agency | BD-JhCC |
| 041 ## - LANGUAGE CODE | |
| Language code of Book | eng |
| 082 ## - DEWEY DECIMAL CLASSIFICATION NUMBER | |
| Author mark and Year | LAW 1962 |
| Classification number | 428.1 |
| 100 1# - MAIN ENTRY--PERSONAL NAME | |
| Personal name | Lawley, A. H. |
| Fuller form of name | (Alec Henry) |
| 245 10 - TITLE STATEMENT | |
| Title | How to spell and punctuate / |
| Statement of responsibility, etc | by A.H. Lawley and Marian Lawley. |
| 260 ## - PUBLICATION, DISTRIBUTION, ETC. (IMPRINT) | |
| Place of publication, distribution, etc | Slough : |
| Name of publisher, distributor, etc | University Tutorial, |
| Date of publication, distribution, etc | 1982. |
| 300 ## - PHYSICAL DESCRIPTION | |
| Pagination | vi,73p ; |
| Dimensions | 18cm. |
| 500 ## - GENERAL NOTE | |
| General note | Originally published as: How to spell and punctuate. 1962. |
| 650 ## - SUBJECT ADDED ENTRY--TOPICAL TERM | |
| Topical term or geographic name as entry element | Punctuation--Study and teaching |
| 650 ## - SUBJECT ADDED ENTRY--TOPICAL TERM | |
| Topical term or geographic name as entry element | English language--Study and teaching |
| 700 1# - ADDED ENTRY--PERSONAL NAME | |
| Personal name | Lawley, A. H. |
| Fuller form of name | (Alec Henry). |
| Title of a work | How to spell and punctuate. |
| 700 1# - ADDED ENTRY--PERSONAL NAME | |
| Personal name | Lawley, Marian. |
| 942 ## - ADDED ENTRY ELEMENTS (KOHA) | |
| Source of classification or shelving scheme | Dewey Decimal Classification |
| Koha item type | Books |
| Source of classification or shelving scheme | Damaged status | Not for loan | Home library | Current library | Shelving location | Date of accession | Full call number | Barcode | Date last seen | Copy number | Method of acquisition | Koha item type |
|---|---|---|---|---|---|---|---|---|---|---|---|---|
| Dewey Decimal Classification | JCC Rouf Library | JCC Rouf Library | General Stacks | 10/30/2023 | 428.1 LAW 1962 | 11432 | 03/05/2018 | C - 1 | Purchase | Books |